Mess monster in the garden / (Record no. 9899)

MARC details
000 -LEADER
fixed length control field 01000nam a22002777a 4500
001 - CONTROL NUMBER
control field 9899
003 - CONTROL NUMBER IDENTIFIER
control field FISKH
005 - DATE AND TIME OF LATEST TRANSACTION
control field 20260312145753.0
008 - FIXED-LENGTH DATA ELEMENTS--GENERAL INFORMATION
fixed length control field 260312b cb ||||| |||| 00| 0 eng d
040 ## - CATALOGING SOURCE
Original cataloging agency FISKH
Language of cataloging eng
Transcribing agency FISKH
Modifying agency FISKH
050 ## - LIBRARY OF CONGRESS CALL NUMBER
Classification number PZ7
082 ## - DEWEY DECIMAL CLASSIFICATION NUMBER
Classification number 823.92
100 ## - MAIN ENTRY--PERSONAL NAME
Personal name Shoshan, Beth
Relator term Author
245 ## - TITLE STATEMENT
Title Mess monster in the garden /
Statement of responsibility, etc. Beth Shoshan ; illustrated by Piers Harper
260 ## - PUBLICATION, DISTRIBUTION, ETC.
Place of publication, distribution, etc. London :
Name of publisher, distributor, etc. Meadowside Children's Books ,
Date of publication, distribution, etc. 2005
300 ## - PHYSICAL DESCRIPTION
Extent 24 unnumbered pages :
Other physical details color illustrations ;
Dimensions 16 cm
505 ## - FORMATTED CONTENTS NOTE
Formatted contents note G<br/>
520 ## - SUMMARY, ETC.
Summary, etc. The muck is flying as the mischievous monsters move outside. What will they get up to this time? Or will Mummy win again...? More manic monster mayhem from the creators of the Mess Monsters.<br/>
521 8# - TARGET AUDIENCE NOTE
Target audience note 350<br/>
Source Lexile estimate<br/>
521 8# - TARGET AUDIENCE NOTE
Target audience note G<br/>
Source Raz-Plus<br/>
650 ## - SUBJECT ADDED ENTRY--TOPICAL TERM
Topical term or geographic name entry element Picture books
Form subdivision Monsters
650 ## - SUBJECT ADDED ENTRY--TOPICAL TERM
Topical term or geographic name entry element Humor
Form subdivision Mess and cleanliness
700 ## - ADDED ENTRY--PERSONAL NAME
Personal name Harper, Piers
Relator term Illustrator
942 ## - ADDED ENTRY ELEMENTS (KOHA)
Source of classification or shelving scheme Dewey Decimal Classification
Koha item type Books
Suppress in OPAC No
Holdings
Withdrawn status Lost status Source of classification or shelving scheme Damaged status Not for loan Collection Home library Current library Shelving location Date acquired Total Checkouts Full call number Barcode Date last seen Copy number Price effective from Koha item type
    Dewey Decimal Classification     Juvenile Fiction Footprints International School Library Network Toul Tom Poung Campus Footprints International School Library Network Toul Tom Poung Campus TTP Primary Green Bookshelves 03/12/2026   SHO 823.92 PZ7 2026-0311 03/12/2026 1 03/12/2026 Books